• 首页
  • 本馆介绍
  • 公告通知
  • 最新文献
  • 馆藏检索
  • 电子资源
  • 读者导购
  • 参考咨询
  • 我的图书馆
  • 登录
  • 详细信息显示
  • 放入我的书架
  • 预约/预借图书
  • 作者相关作品
  • 分类相关作品
  • 丛书相关作品
  • 出版社相关作品

书目信息

  • 表格格式
  • 工作单格式
  • 卡片格式
题名:
中国玉石雕刻工艺技术
    
 
作者: 赵永魁 , 张加勉 著
分册:  
出版信息: 北京   北京工艺美术出版社  1998.1
页数: 481页
开本: 20cm
丛书名:
单 册:
中图分类: J314.3
科图分类:
主题词: 雕塑--(技术)美术
电子资源:
ISBN: 7-80526-167-9
000 00603nam0 2200217 45
001 0002291463
005 20040324163626.5
010    @a7-80526-167-9@dCNY36.00
100    @a20000229d1998 km y0chiy0120 ea
101    @achi
105    @aa z 000yy
200 1  @a中国玉石雕刻工艺技术@f赵永魁,张加勉著@FZhao Yong Kui,Zhang Jia Mian Zhu
205    @a2版
210    @a北京@c北京工艺美术出版社@d1998.1
215    @a481页@c图@d20cm
606 0  @a雕塑@x(技术)美术
690    @aJ314.3@v2
701  0 @a赵永魁@4著
701  0 @a张加勉@4著
801    @aCN@bTSTC@c20000229
905    @b285308-309@dJ314.3@e6=2@f2
    
    中国玉石雕刻工艺技术/赵永魁,张加勉著.-2版.-北京:北京工艺美术出版社,1998.1
    481页:图;20cm
    
    
    ISBN 7-80526-167-9:CNY36.00
    
●
相关链接 在E读中查询图书 在五车中查询图书 在当当中查询图书 在豆瓣中查询图书


正题名:中国玉石雕刻工艺技术     索取号:J314.3/6=2         预约/预借

序号 登录号 条形码 馆藏地/架位号 状态 备注
1 0285308   002853086   第一借阅区/ [索取号:J314.3/6=2] 在馆    
2 0285309   002853095   第一样本阅览室/ [索取号:J314.3/6=2] 在馆    
唐山师范学院图书馆 欢迎您!
大连网信软件有限公司© 版权所有